Воздействие производств обработки металлов резанием машиностроительных предприятий на окружающую среду и способы снижения наносимого ущерба: Аналитический обзор

Bibliographic Details
Main Author: Каменская А. А. Анеля Альфонсовна
Other Authors: Ковалова Р. И. Роза Илларионовна, Лабецкий В. М. Валерий Митрофанович
Language:Russian
Published: Новосибирск, Изд-во ГПНТБ СО РАН, 1992
Series:Экология Вып. 25
Subjects:
Format: Book
KOHA link:https://koha.lib.tpu.ru/cgi-bin/koha/opac-detail.pl?biblionumber=32085

MARC

LEADER 00000nam0a2200000 4500
001 32085
005 20231030204732.0
035 |a (RuTPU)RU\TPU\book\32380 
035 |a BOOK00000021 
090 |a 32085 
100 |a 20011210d1992 m y0rusy50 ca 
101 0 |a rus 
102 |a RU 
105 |a a z 000zy 
200 1 |a Воздействие производств обработки металлов резанием машиностроительных предприятий на окружающую среду и способы снижения наносимого ущерба  |e Аналитический обзор  |f А. А. Каменская, Р. И. Ковалова, В. М. Лабецкий 
210 |a Новосибирск  |c Изд-во ГПНТБ СО РАН  |d 1992 
215 |a 102 с. 
225 1 |a Экология  |v Вып. 25 
610 1 |a машиностроение 
610 1 |a металлы 
610 1 |a резание 
610 1 |a окружающая среда 
610 1 |a ущерб 
610 1 |a воздействия 
610 1 |a загрязнения 
610 1 |a выбросы 
610 1 |a очистка 
610 1 |a промышленные отходы 
610 1 |a утилизация 
610 1 |a переработка 
610 1 |a аналитические обзоры 
675 |a 621.002:628  |v 3 
700 1 |a Каменская  |b А. А.  |g Анеля Альфонсовна 
701 1 |a Ковалова  |b Р. И.  |g Роза Илларионовна 
701 1 |a Лабецкий  |b В. М.  |g Валерий Митрофанович 
801 0 |a RU  |b 63413507  |c 20011210  |g PSBO 
801 2 |a RU  |b 63413507  |c 20170111  |g PSBO 
942 |c BK